[Event "TCh-TUR 2011"]
[Site "Konya TUR"]
[Date "2011.07.08"]
[Round "12"]
[White "Topak, Engin"]
[Black "Bolat, Ahmet"]
[Result "1/2-1/2"]
[WhiteTitle "FM"]
[WhiteElo "2306"]
[BlackElo "2074"]
[WhiteTeam "Deniz Genclik S.K."]
[BlackTeam "Mersin Ezgi Satranc Kulubu"]
[WhiteFideId "6300324"]
[BlackFideId "6327923"]
[EventDate "2011.06.28"]

1. d4 Nf6 2. Nf3 e6 3. Bg5 c5 4. c3 Qb6 5. Qb3 Ne4 6. Bf4 Nc6 7. e3 Bd6 8. Qxb6
axb6 9. Bxd6 Nxd6 10. Nbd2 Kd8 11. Bd3 Kc7 12. Ke2 f6 13. Rhc1 Nf7 14. b4 d6 15.
a4 Bd7 16. Nb3 cxb4 17. cxb4 Kb8 18. b5 Nb4 19. Ne1 d5 20. Kd2 Nxd3 21. Nxd3 Nd6
22. Nb2 h5 23. f3 Rc8 24. Rxc8+ Kxc8 25. Rc1+ Kd8 26. Kd3 Rc8 27. Rxc8+ Nxc8 28.
Nd2 Ke7 29. Nd1 1/2-1/2

[Event "TCh-TUR 2011"]
[Site "Konya TUR"]
[Date "2011.07.08"]
[Round "12"]
[White "Burneckas, Yunus"]
[Black "Olcum, Ahmet"]
[Result "1-0"]
[WhiteElo "1920"]
[BlackElo "1920"]
[WhiteTeam "Mersin Ezgi Satranc Kulubu"]
[BlackTeam "Deniz Genclik S.K."]
[WhiteFideId "6312659"]
[BlackFideId "6311393"]
[EventDate "2011.06.28"]

1. e4 d6 2. d4 Nf6 3. Nc3 g6 4. Bg5 Bg7 5. Qd2 h6 6. Bh4 g5 7. Bg3 Nh5 8. O-O-O
c6 9. Be2 Nxg3 10. hxg3 b5 11. f4 g4 12. Rh5 Nd7 13. e5 f5 14. Bd3 e6 15. d5
cxd5 16. Bxb5 Rb8 17. Nge2 O-O 18. Nd4 Nc5 19. Nc6 Qe8 20. Nxb8 Qxh5 21. exd6
Qf7 22. Nc6 Qb7 23. Ne5 Rd8 24. Qd4 Qb6 25. b4 Nd7 26. Bxd7 Bxd7 27. Qxb6 axb6
28. Nxd7 Bxc3 29. Nxb6 Rxd6 30. Na4 Bxb4 31. c3 Rc6 32. Kc2 Be7 33. Rb1 Ra6 34.
Rb8+ Kg7 35. Kb3 h5 36. Rb7 Kf6 37. Nb6 Bd6 38. Nd7+ Kg6 39. a4 h4 40. gxh4 Bxf4
41. Nf8+ Kh5 42. g3 Bh6 43. Nd7 f4 44. Nf6+ Kg6 45. Nxg4 fxg3 46. Ne5+ Kf5 47.
Nf3 g2 48. Kb4 Ke4 49. Ng1 Be3 50. Nh3 g1=Q 51. Nxg1 Bxg1 52. Kb5 Ra8 53. a5 Rc8
54. h5 Be3 55. a6 Rxc3 56. Re7 Ke5 57. Kb4 Rc1 58. Rh7 Ra1 59. Kb5 d4 60. h6 Kd6
61. Rh8 Ke7 62. h7 d3 63. Re8+ Kd6 64. h8=Q Rb1+ 65. Kc4 d2 66. Rd8+ Kc6 67.
Qe8+ Kb6 68. Rb8+ 1-0

[Event "TCh-TUR 2011"]
[Site "Konya TUR"]
[Date "2011.07.08"]
[Round "12"]
[White "Ustundag, Nefise Melis"]
[Black "Mutlu, Beste"]
[Result "1-0"]
[WhiteElo "1695"]
[BlackElo "1548"]
[WhiteTeam "Deniz Genclik S.K."]
[BlackTeam "Mersin Ezgi Satranc Kulubu"]
[WhiteFideId "6325637"]
[BlackFideId "6325050"]
[EventDate "2011.06.28"]

1. Nf3 Nf6 2. d4 g6 3. Bg5 Bg7 4. e3 O-O 5. Be2 d6 6. O-O Nbd7 7. c4 c5 8. Nc3
cxd4 9. exd4 Nb6 10. b4 Bf5 11. Qb3 Rb8 12. Rfd1 Nc8 13. Bf4 Nh5 14. Be3 a6 15.
a4 Nf6 16. c5 Kh8 17. Ng5 d5 18. h3 h6 19. Nf3 Be6 20. Ne5 Kh7 21. Bf4 Ra8 22.
b5 a5 23. b6 Ne8 24. Bf3 Nf6 25. Nb5 Ne8 26. Rab1 f6 27. Nd3 Bf7 28. Rdc1 e6 29.
Nc7 Nxc7 30. bxc7 Qd7 31. Qxb7 Ra7 32. c6 Qe7 33. Qb8 g5 34. Bg3 Bg6 35. Be2 Qa3
36. Qb3 Qe7 37. Qc3 Nd6 38. Bxd6 Qxd6 39. Rb7 Raa8 40. Qc5 Qxc5 41. Nxc5 Bf7 42.
Rcb1 Rfc8 43. Nd7 Ra6 44. Bxa6 1-0

[Event "TCh-TUR 2011"]
[Site "Konya TUR"]
[Date "2011.07.08"]
[Round "12"]
[White "Sevgi, Volkan"]
[Black "Ererdem, Gani Eren"]
[Result "1/2-1/2"]
[WhiteElo "1912"]
[BlackElo "1996"]
[WhiteTeam "Mersin Ezgi Satranc Kulubu"]
[BlackTeam "Deniz Genclik S.K."]
[WhiteFideId "6325335"]
[BlackFideId "6310915"]
[EventDate "2011.06.28"]

1. e4 d6 2. d4 Nf6 3. Nc3 g6 4. Nge2 a6 5. g3 b5 6. a3 Bb7 7. Bg2 Nbd7 8. O-O c5
9. Re1 cxd4 10. Nxd4 e5 11. Nb3 Qc7 12. h3 Bg7 13. Be3 O-O 14. Qe2 Nc5 15. Nxc5
dxc5 16. Rad1 Rad8 17. Nd5 Bxd5 18. exd5 Ne8 19. b4 c4 20. Bc5 Nd6 21. a4 Rfe8
22. a5 Rd7 23. c3 f5 24. Qc2 Rf7 25. Qd2 Bf6 26. Re2 Kg7 27. Rde1 Qd7 28. Kh2 h5
29. h4 Qd8 30. Bh3 e4 31. Bd4 Bxd4 32. Qxd4+ Qf6 33. Qxf6+ Kxf6 34. Rd1 Re5 35.
Rd4 Rd7 36. Re1 Nc8 37. Red1 Rd6 38. Bg2 Ne7 39. Kg1 Rexd5 40. f3 Ke5 41. Rxd5+
Rxd5 42. Re1 Rd3 43. fxe4 f4 44. gxf4+ Kxf4 45. Rf1+ Ke3 46. Rf6 Kd2 47. Rxa6
Kxc3 48. Re6 Rd7 49. e5 Kxb4 50. a6 c3 51. Be4 Ra7 52. Rb6 Kc4 53. Rb7 Rxa6 54.
Rxe7 b4 55. Kf2 Kd4 56. Kf3 b3 57. e6 Ke5 58. Rc7 c2 59. Bxc2 bxc2 60. Rxc2 Kxe6
61. Rc5 Kf6 62. Kg3 Ra3+ 63. Kh2 Re3 64. Rc6+ Kf5 65. Rc5+ Re5 66. Rc6 Re6 67.
Rc4 Re4 68. Rc5+ Kf6 69. Kg3 Re5 70. Rc3 Kf5 71. Rf3+ Ke6 72. Ra3 Re4 73. Ra6+
Kf5 74. Ra5+ Re5 75. Ra3 g5 76. hxg5 Kxg5 77. Kh3 h4 78. Rb3 1/2-1/2

[Event "TCh-TUR 2011"]
[Site "Konya TUR"]
[Date "2011.07.08"]
[Round "12"]
[White "Abdimanoglu, Beste Basak"]
[Black "Vatansever, Buse"]
[Result "1/2-1/2"]
[WhiteElo "1751"]
[BlackElo "1585"]
[WhiteTeam "Deniz Genclik S.K."]
[BlackTeam "Mersin Ezgi Satranc Kulubu"]
[WhiteFideId "6300286"]
[BlackFideId "6324746"]
[EventDate "2011.06.28"]

1. d4 d5 2. c4 c6 3. cxd5 cxd5 4. Nc3 Nf6 5. Nf3 Nc6 6. Bf4 a6 7. e3 Bf5 8. Be2
e6 9. O-O Bd6 10. Bxd6 Qxd6 11. Qb3 O-O 12. Nh4 Bg6 13. f3 Rfc8 14. Nxg6 hxg6
15. Na4 Rab8 16. Rfc1 Na5 17. Qd1 Nc4 18. Bxc4 dxc4 19. Nc5 b5 20. a4 Nd5 21.
Qd2 Ne7 22. Qf2 Nf5 23. axb5 axb5 24. Ra7 Ra8 25. Rd7 Qb6 26. g4 Nd6 27. Ne4 Rd8
28. Rxd8+ Rxd8 29. Nxd6 Qxd6 30. Qe1 e5 31. Rd1 Qf6 32. dxe5 Rxd1 33. Qxd1 Qxe5
34. Qd8+ Kh7 35. Qh4+ Kg8 36. Qd8+ 1/2-1/2

[Event "TCh-TUR 2011"]
[Site "Konya TUR"]
[Date "2011.07.08"]
[Round "12"]
[White "Arduman, Can"]
[Black "Pantsulaia, Levan"]
[Result "0-1"]
[WhiteTitle "IM"]
[BlackTitle "GM"]
[WhiteElo "2349"]
[BlackElo "2613"]
[WhiteTeam "Tarsus Zeka Satranc S.K."]
[BlackTeam "Isek Aquamatch S.K."]
[WhiteFideId "6300022"]
[BlackFideId "13602071"]
[EventDate "2011.06.28"]

1. d4 Nf6 2. c4 e6 3. Nc3 c5 4. d5 exd5 5. cxd5 d6 6. Nf3 g6 7. Bf4 a6 8. a4 Bg7
9. h3 O-O 10. e3 Qb6 11. Ra3 Nbd7 12. Nd2 Qc7 13. Nc4 Ne8 14. Rb3 Ne5 15. Bxe5
Bxe5 16. a5 Bg7 17. Be2 Nf6 18. O-O Re8 19. Rb6 Bf8 20. Qa4 Bd7 21. Qb3 Rab8 22.
Bd3 Red8 23. e4 Nh5 24. e5 Nf4 25. Be4 Re8 26. h4 dxe5 27. g3 Qd8 28. gxf4 exf4
29. Bg2 Bf5 30. Nd2 Qxh4 31. Nce4 Be7 32. Qc3 Bd8 33. Nf6+ Bxf6 34. Qxf6 Qg4 35.
Rb3 c4 36. Rh3 Qe2 37. Qd4 Bxh3 38. Bxh3 Qd3 39. Qxd3 cxd3 40. Nc4 Rbd8 41. Bg2
Re2 42. Rd1 Rc2 43. b3 Rc3 44. Ne5 Rxb3 45. Nxd3 Rb5 46. Ra1 g5 47. Ne5 Kg7 48.
Nc4 g4 49. Nb6 f3 50. Bf1 Rb4 51. Rd1 h5 52. Nc4 f5 53. Kh2 h4 54. d6 Kf6 55.
Rd4 Ra4 56. Rd1 Ra2 57. Kg1 g3 58. Nd2 Rxd6 59. Ne4+ fxe4 60. Rxd6+ Ke5 0-1

[Event "TCh-TUR 2011"]
[Site "Konya TUR"]
[Date "2011.07.08"]
[Round "12"]
[White "Kazdagli, Benan"]
[Black "Gaygusuzoglu, Gokhan"]
[Result "1-0"]
[WhiteElo "1868"]
[BlackElo "1900"]
[WhiteTeam "Isek Aquamatch S.K."]
[BlackTeam "Tarsus Zeka Satranc S.K."]
[WhiteFideId "6309925"]
[BlackFideId "6306284"]
[EventDate "2011.06.28"]

1. e4 c6 2. d4 d5 3. f3 g6 4. Nc3 Bg7 5. Be3 dxe4 6. fxe4 c5 7. Nf3 Nd7 8. Qd2
Ngf6 9. Bh6 O-O 10. Bxg7 Kxg7 11. e5 Ne8 12. O-O-O cxd4 13. Nxd4 Qa5 14. e6 Nc5
15. exf7 Nd6 16. h4 h5 17. Qg5 Nxf7 18. Qxe7 Bg4 19. Bb5 Bxd1 20. Rxd1 Rac8 21.
g4 a6 22. gxh5 axb5 23. Rg1 1-0

[Event "TCh-TUR 2011"]
[Site "Konya TUR"]
[Date "2011.07.08"]
[Round "12"]
[White "Uzun, Sarp"]
[Black "Baglan, Esat"]
[Result "1/2-1/2"]
[WhiteElo "1967"]
[BlackElo "1807"]
[WhiteTeam "Tarsus Zeka Satranc S.K."]
[BlackTeam "Isek Aquamatch S.K."]
[WhiteFideId "6310362"]
[BlackFideId "6309216"]
[EventDate "2011.06.28"]

1. e4 c5 2. Nf3 Nc6 3. c3 Nf6 4. e5 Nd5 5. d4 cxd4 6. cxd4 e6 7. Nc3 d6 8. exd6
Bxd6 9. Bd3 O-O 10. O-O Nxc3 11. bxc3 h6 12. Re1 b6 13. Qe2 Ne7 14. Qe4 f5 15.
Qe2 Qc7 16. c4 Rf6 17. Bd2 Bb7 18. h3 Ng6 19. Rac1 Bf4 20. Be3 Bxe3 21. Qxe3 Nf4
22. Bf1 Rg6 23. Kh1 Rf8 24. Rc3 Rff6 25. Qe5 Qxe5 26. Rxe5 Rf8 27. Kh2 Rgf6 28.
Re1 Rd8 29. Rd1 Ng6 30. Be2 Rf7 31. Ne1 Rfd7 32. Bf3 Be4 33. Bxe4 fxe4 34. Nc2
Ne5 35. Re1 Nc6 36. Rxe4 Nxd4 37. Nxd4 Rxd4 38. Rxd4 Rxd4 39. Kg3 Rd2 40. a3 Kf7
41. f4 Kf6 42. Kf3 e5 43. g3 exf4 44. Kxf4 g5+ 45. Ke4 Ke6 46. c5 bxc5 47. Rxc5
Rd6 48. Re5+ Kf6 49. Rf5+ Ke6 50. Ra5 a6 51. Re5+ Kf6 52. Rd5 Rb6 53. Ra5 Kg7
54. h4 1/2-1/2

[Event "TCh-TUR 2011"]
[Site "Konya TUR"]
[Date "2011.07.08"]
[Round "12"]
[White "Secer, Ata"]
[Black "Kilicaslan, Hasan"]
[Result "1/2-1/2"]
[WhiteTitle "FM"]
[BlackTitle "IM"]
[WhiteElo "2329"]
[BlackElo "2250"]
[WhiteTeam "Manisa Doruk Koleji S.K."]
[BlackTeam "Turk Hava Yollari S.K."]
[WhiteFideId "6303293"]
[BlackFideId "6300391"]
[EventDate "2011.06.28"]

1. e4 e5 2. Nf3 Nc6 3. Bb5 a6 4. Bxc6 dxc6 5. O-O f6 6. d4 Bg4 7. dxe5 Qxd1 8.
Rxd1 fxe5 9. Rd3 Bd6 10. Be3 Bxf3 11. gxf3 Ne7 12. Nd2 Ng6 13. Kf1 Rf8 14. Ke2
O-O-O 15. Rg1 Rf7 16. Rg3 Nf8 17. Rh3 g6 18. Rg3 Ne6 19. Rg4 b5 20. b3 1/2-1/2

[Event "TCh-TUR 2011"]
[Site "Konya TUR"]
[Date "2011.07.08"]
[Round "12"]
[White "Genc, Cihan Sevinc"]
[Black "Sirin, Atakan"]
[Result "0-1"]
[WhiteElo "2213"]
[BlackElo "2230"]
[WhiteTeam "Turk Hava Yollari S.K."]
[BlackTeam "Manisa Doruk Koleji S.K."]
[WhiteFideId "6304370"]
[BlackFideId "6303307"]
[EventDate "2011.06.28"]

1. Nf3 d5 2. d4 Nf6 3. c4 e6 4. Nc3 c6 5. Bg5 Nbd7 6. cxd5 exd5 7. e3 Be7 8. Bd3
O-O 9. O-O h6 10. Bf4 Nh5 11. Bg3 Nxg3 12. hxg3 Nf6 13. Qc2 Bd6 14. Rfd1 Bg4 15.
e4 dxe4 16. Nxe4 Nxe4 17. Bxe4 Qb6 18. Rd3 Be6 19. Rad1 f5 20. d5 fxe4 21. Rb3
Qc7 22. dxe6 exf3 23. Rbd3 Rad8 24. gxf3 Qe7 25. Qc4 Kh8 26. f4 Rf6 27. Re1 Re8
28. Rde3 Bc7 29. Qe4 Ba5 30. b4 Qxb4 31. Qe5 Rfxe6 0-1

[Event "TCh-TUR 2011"]
[Site "Konya TUR"]
[Date "2011.07.08"]
[Round "12"]
[White "Nalbantoglu, Hulki"]
[Black "Yaramis, Hakan"]
[Result "1/2-1/2"]
[WhiteElo "2020"]
[BlackElo "2094"]
[WhiteTeam "Manisa Doruk Koleji S.K."]
[BlackTeam "Turk Hava Yollari S.K."]
[WhiteFideId "6302378"]
[BlackFideId "6304613"]
[EventDate "2011.06.28"]

1. d4 d5 2. Nf3 Nf6 3. Bf4 c5 4. c3 Qb6 5. Qb3 c4 6. Qxb6 axb6 7. Nbd2 b5 8. a3
Nc6 9. Rc1 Bf5 10. h3 h6 11. g4 Bh7 12. Bg2 e6 13. O-O Ne4 14. Nxe4 Bxe4 15. Nd2
Bxg2 16. Kxg2 Kd7 17. e4 Bd6 1/2-1/2

[Event "TCh-TUR 2011"]
[Site "Konya TUR"]
[Date "2011.07.08"]
[Round "12"]
[White "Yargici, Mazhar Kutay"]
[Black "Ciloglu, Dogu"]
[Result "1/2-1/2"]
[WhiteElo "1926"]
[BlackElo "1770"]
[WhiteTeam "Turk Hava Yollari S.K."]
[BlackTeam "Manisa Doruk Koleji S.K."]
[WhiteFideId "6310400"]
[BlackFideId "6309607"]
[EventDate "2011.06.28"]

1. d4 d5 2. c4 e6 3. Nc3 Nf6 4. cxd5 exd5 5. Bg5 Be7 6. e3 Nbd7 7. Qc2 c6 8. Bd3
O-O 9. Nf3 Re8 10. O-O Nf8 11. Rab1 g6 12. b4 a6 13. a4 Ne6 14. Bh4 Ng7 15. b5
axb5 16. axb5 Bf5 17. bxc6 bxc6 18. Ne5 Qd6 19. Bg3 Bxd3 20. Nxd3 Qe6 21. Na4
Nd7 22. Rfc1 Ba3 23. Rd1 Rec8 24. Qb3 Bd6 25. Rbc1 Nf5 26. Bxd6 Nxd6 27. Ndc5
Nxc5 28. Nxc5 Qe7 29. Rb1 Qa7 1/2-1/2

[Event "TCh-TUR 2011"]
[Site "Konya TUR"]
[Date "2011.07.08"]
[Round "12"]
[White "Patel, Yesim"]
[Black "Yaka, Beyza"]
[Result "1/2-1/2"]
[WhiteElo "1804"]
[BlackElo "1525"]
[WhiteTeam "Manisa Doruk Koleji S.K."]
[BlackTeam "Turk Hava Yollari S.K."]
[WhiteFideId "6300200"]
[BlackFideId "6303641"]
[EventDate "2011.06.28"]

1. e4 e5 2. Nf3 d6 3. d4 exd4 4. Nxd4 Nf6 5. Nc3 Be7 6. Be2 O-O 7. O-O Nc6 8.
Nxc6 bxc6 9. f4 Nd7 10. Bf3 Re8 11. Be3 Nb6 12. Rb1 Bd7 13. Ne2 Bf8 14. b3 f5
15. Bxb6 axb6 16. exf5 Rxa2 17. Nd4 Qf6 18. Nxc6 Qxf5 19. Qd5+ Qxd5 20. Bxd5+
Kh8 21. Nb4 Ra5 22. Rbe1 g6 23. Rxe8 Bxe8 24. Re1 Bd7 25. c4 Ra3 26. Re3 Bg7 27.
Re7 Bd4+ 28. Kf1 Ra1+ 29. Ke2 Bg4+ 30. Kd3 c5 31. Nc6 Bf5+ 32. Ke2 Bg4+ 33. Kd3
Bf5+ 1/2-1/2

[Event "TCh-TUR 2011"]
[Site "Konya TUR"]
[Date "2011.07.08"]
[Round "12"]
[White "Solak, Dragan"]
[Black "Galkin, Alexander"]
[Result "1/2-1/2"]
[WhiteTitle "GM"]
[BlackTitle "GM"]
[WhiteElo "2588"]
[BlackElo "2598"]
[WhiteTeam "Besiktas Jimnastik Kulubu"]
[BlackTeam "Celikkol Turizm Pamukkale Universitesi S.K."]
[WhiteFideId "916811"]
[BlackFideId "4120426"]
[EventDate "2011.06.28"]

1. e4 c6 2. c4 d5 3. exd5 cxd5 4. cxd5 Nf6 5. Nc3 Nxd5 6. Nf3 e6 7. d4 Be7 8.
Bd3 Nc6 9. O-O O-O 10. Re1 Nf6 11. Bg5 Nd5 12. Bc1 Nf6 13. Bg5 Nd5 1/2-1/2

[Event "TCh-TUR 2011"]
[Site "Konya TUR"]
[Date "2011.07.08"]
[Round "12"]
[White "Citak, Selim"]
[Black "Reyhan, Dogan Heval"]
[Result "1/2-1/2"]
[WhiteTitle "FM"]
[BlackTitle "FM"]
[WhiteElo "2356"]
[BlackElo "2343"]
[WhiteTeam "Besiktas Jimnastik Kulubu"]
[BlackTeam "Celikkol Turizm Pamukkale Universitesi S.K."]
[WhiteFideId "6301819"]
[BlackFideId "6301290"]
[EventDate "2011.06.28"]

1. d4 Nf6 2. c4 g6 3. Nc3 Bg7 4. e4 d6 5. Nf3 O-O 6. Be2 c5 7. d5 e6 8. O-O exd5
9. cxd5 Re8 10. Nd2 Nbd7 11. Qc2 Ne5 12. h3 g5 13. Nf3 Nxf3+ 14. Bxf3 g4 15.
hxg4 Nxg4 16. g3 Ne5 17. Bg2 Bg4 18. f3 Bd7 19. Ne2 f5 20. exf5 Qf6 21. g4 h5
22. g5 Qxf5 23. Qxf5 Bxf5 24. Ng3 Bd3 25. Rf2 Bg6 26. Re2 Bd3 27. Re3 Bf5 28.
Ne2 Bd3 29. Ng3 Bg6 30. Re2 Bd3 31. Re3 h4 32. Nh5 Bf5 33. Nxg7 Kxg7 34. Rb3 h3
35. Bf1 Kg6 36. Bf4 c4 37. Re3 Nd3 38. Rxe8 Rxe8 39. Bxd6 Rd8 40. Bxd3 cxd3 41.
Bf4 Rxd5 42. Kh2 Ra5 43. a3 Rc5 44. Rc1 Rc2+ 45. Rxc2 dxc2 46. a4 Kf7 47. a5 Ke6
48. Be3 Kd5 49. b3 Kc6 50. g6 Bxg6 51. Kxh3 Kb5 52. Bd2 Kc5 53. Kg2 Kd4 54. Kf2
Kd3 55. Ke1 a6 56. Bg5 Bh5 57. Bc1 Bxf3 58. Bg5 Bd5 59. Bc1 Bxb3 60. Bb2 Be6 61.
Bc1 Bg4 62. Bb2 Bh5 63. Bc1 Kc3 64. Kf2 Kd3 65. Ke1 Kc3 66. Kf2 Kb4 67. Bd2+ Kb3
68. Bc1 Kc3 69. Ke3 Be8 70. Ba3 Bc6 71. Bc1 Bb5 72. Ba3 Bf1 73. Bc1 Bd3 74. Ba3
Kb3 75. Bc1 Kc3 76. Ba3 Bh7 77. Bc1 Bg8 78. Ba3 Bd5 79. Bc1 b5 80. axb6 a5 81.
Ke2 a4 82. Ke3 Bb7 83. Ke2 Ba6+ 84. Ke3 Kb3 85. Kd2 Bc8 86. Kd3 Bf5+ 87. Kd2 Be4
88. Ke3 Bg2 89. Kd2 Bb7 90. Kd3 Bg2 91. Kd2 Be4 92. Ke3 Ba8 93. Kd2 Bb7 94. Kd3
a3 95. Bxa3 Be4+ 96. Kd2 Kxa3 97. b7 Bxb7 98. Kxc2 1/2-1/2

[Event "TCh-TUR 2011"]
[Site "Konya TUR"]
[Date "2011.07.08"]
[Round "12"]
[White "Salepci, Osman Firat"]
[Black "Marasli, Tutku Kahraman"]
[Result "1/2-1/2"]
[WhiteElo "2154"]
[BlackElo "2209"]
[WhiteTeam "Celikkol Turizm Pamukkale Universitesi S.K."]
[BlackTeam "Besiktas Jimnastik Kulubu"]
[WhiteFideId "6302343"]
[BlackFideId "6307493"]
[EventDate "2011.06.28"]

1. e4 e6 2. d4 d5 3. Nc3 dxe4 4. Nxe4 Nd7 5. Nf3 Ngf6 6. Bg5 h6 7. Nxf6+ Nxf6 8.
Bh4 Be7 9. Bd3 Nd7 10. Bxe7 Qxe7 11. Qe2 c5 12. O-O-O cxd4 13. Kb1 Qc5 14. Rhe1
a6 15. Qd2 Nf6 16. Re5 Qb6 17. g4 Bd7 18. g5 1/2-1/2

[Event "TCh-TUR 2011"]
[Site "Konya TUR"]
[Date "2011.07.08"]
[Round "12"]
[White "Okus, Melih"]
[Black "Yilmazyerli, Mert"]
[Result "0-1"]
[BlackTitle "FM"]
[WhiteElo "1893"]
[BlackElo "2318"]
[WhiteTeam "Celikkol Turizm Pamukkale Universitesi S.K."]
[BlackTeam "Besiktas Jimnastik Kulubu"]
[WhiteFideId "6305407"]
[BlackFideId "6305962"]
[EventDate "2011.06.28"]

1. e4 c5 2. c3 g6 3. d4 cxd4 4. cxd4 d5 5. e5 Nc6 6. Nc3 Bg7 7. Nf3 Bg4 8. Be2
Bxf3 9. Bxf3 e6 10. O-O Nge7 11. Nb5 O-O 12. Nd6 Qb6 13. Be3 Nc8 14. Nxc8 Raxc8
15. Qd2 Qb4 16. Qd3 Rc7 17. a3 Qb6 18. b4 Rfc8 19. Rac1 a5 20. b5 Ne7 21. Rxc7
Rxc7 22. Rc1 Nf5 23. Rxc7 Qxc7 24. Bd2 b6 25. Bg4 Ne7 26. Qc3 Qxc3 27. Bxc3 h5
28. Bd1 Bh6 29. Ba4 Nc8 30. Bb2 f6 31. Bc2 Kf7 32. Kf1 fxe5 33. dxe5 Bf8 34. f3
Bc5 35. Ke2 Ne7 36. g4 Kg7 37. h3 Ng8 38. f4 Nh6 39. Kf3 hxg4+ 40. hxg4 Bg1 41.
a4 Bc5 42. Bc1 Nf7 43. Kg3 Bd4 44. Kf3 g5 45. Be3 Bxe3 46. Kxe3 gxf4+ 47. Kxf4
Kh6 48. Bb3 Ng5 49. Ke3 Nh3 50. Bxd5 exd5 51. e6 Kg6 52. Kd4 Nf4 53. Ke5 Nxe6
54. Kxd5 Nc5 55. Kc6 Nxa4 0-1

[Event "TCh-TUR 2011"]
[Site "Konya TUR"]
[Date "2011.07.08"]
[Round "12"]
[White "Ali Marandi, Cemil Can"]
[Black "Soysal, Serkan"]
[Result "1-0"]
[WhiteTitle "FM"]
[WhiteElo "2265"]
[BlackElo "1795"]
[WhiteTeam "Besiktas Jimnastik Kulubu"]
[BlackTeam "Celikkol Turizm Pamukkale Universitesi S.K."]
[WhiteFideId "6300529"]
[BlackFideId "6349250"]
[EventDate "2011.06.28"]

1. e4 d6 2. d4 Nf6 3. Nc3 g6 4. g3 Bg7 5. Bg2 O-O 6. Nge2 e5 7. h3 c6 8. a4 Na6
9. Be3 Re8 10. O-O exd4 11. Bxd4 Qe7 12. Re1 Nb4 13. g4 a5 14. Ng3 Nd7 15. Bxg7
Kxg7 16. Qd2 Nc5 17. Rad1 Bd7 18. Nce2 Rad8 19. Nf4 Bc8 20. c3 Nba6 21. Nf5+
Bxf5 22. exf5 Qf6 23. fxg6 hxg6 24. g5 Qf5 25. Rxe8 Rxe8 26. h4 d5 27. Nh3 Qg4
28. Qd4+ Qxd4 29. Rxd4 Nb3 30. Rf4 Nac5 31. h5 gxh5 32. Rh4 Re2 33. Bf3 Rxb2 34.
Bxh5 b5 35. axb5 cxb5 36. Rf4 a4 37. Rxf7+ Kg8 38. Ra7 d4 39. cxd4 Nxd4 40. Nf4
Ne4 41. Rd7 Rxf2 42. Bf7+ Kg7 43. Bd5+ Kf8 44. Ng6+ Ke8 45. Re7+ Kd8 46. Rxe4
Rf5 47. Rxd4 Rxg5+ 48. Bg2+ Kc7 49. Nf4 Re5 50. Kf2 Kb6 51. Nd3 Re8 52. Be4 a3
53. Nc1 Rc8 54. Na2 Rh8 55. Rd5 Rh2+ 56. Bg2 Rh4 57. Kg3 Rh8 58. Bf1 Rg8+ 59.
Kf2 Rf8+ 60. Ke1 Kc6 61. Nb4+ 1-0

[Event "TCh-TUR 2011"]
[Site "Konya TUR"]
[Date "2011.07.08"]
[Round "12"]
[White "Ipatov, Alexander ESP"]
[Black "Karakehajov, Kalin"]
[Result "1/2-1/2"]
[WhiteTitle "IM"]
[BlackTitle "IM"]
[WhiteElo "2536"]
[BlackElo "2493"]
[WhiteTeam "Istanbul Teknik Universitesi S.K."]
[BlackTeam "Bursa Tophane Meslek Lisesi S.K."]
[WhiteFideId "14116731"]
[BlackFideId "2906430"]
[EventDate "2011.06.28"]

1. d4 d5 2. c4 e6 3. Nf3 c6 4. Nbd2 Nf6 5. g3 Be7 6. Bg2 O-O 7. O-O Nbd7 8. Qc2
b6 9. e4 Bb7 10. e5 Ne8 11. cxd5 cxd5 12. Re1 Ba6 13. Nf1 Rc8 14. Qd1 Nb8 15.
Ne3 Nc6 16. a3 Na5 17. b3 Qc7 18. Bd2 Nc6 19. Qb1 Qd7 20. h4 Nc7 21. Bh3 Nb5 22.
Nc2 h6 23. a4 1/2-1/2

[Event "TCh-TUR 2011"]
[Site "Konya TUR"]
[Date "2011.07.08"]
[Round "12"]
[White "Korkmaz, Necmettin"]
[Black "Ataman,Alper Efe"]
[Result "0-1"]
[BlackTitle "FM"]
[WhiteElo "2189"]
[BlackElo "2188"]
[WhiteTeam "Bursa Tophane Meslek Lisesi S.K."]
[BlackTeam "Istanbul Teknik Universitesi S.K."]
[WhiteFideId "6303285"]
[BlackFideId "6301606"]
[EventDate "2011.06.28"]

1. e4 e5 2. Nf3 Nc6 3. Bb5 a6 4. Bxc6 dxc6 5. O-O Bg4 6. h3 Bxf3 7. Qxf3 Qd7 8.
b4 Ne7 9. Bb2 Ng6 10. Rd1 O-O-O 11. Na3 Bxb4 12. Nc4 Qe7 13. Rab1 f6 14. c3 Qf7
15. d3 Bc5 16. Bc1 b5 17. Be3 Bxe3 18. Nxe3 Nf4 19. a4 Rxd3 20. Rxd3 Nxd3 21.
axb5 axb5 22. c4 b4 23. Qg4+ f5 24. exf5 Qf6 25. c5 Rd8 26. Qc4 Rd4 27. Qa6+ Kd7
28. Nc2 Rd5 29. Ne3 Rd4 30. Nc2 Qxf5 31. Nxd4 Qxf2+ 32. Kh1 Qxd4 33. Qa2 Ke7 34.
Rf1 Nf4 35. Qe2 Nxe2 0-1

[Event "TCh-TUR 2011"]
[Site "Konya TUR"]
[Date "2011.07.08"]
[Round "12"]
[White "Kinsiz, Onur"]
[Black "Cebelli, Ozel"]
[Result "1-0"]
[WhiteElo "2184"]
[BlackElo "2130"]
[WhiteTeam "Istanbul Teknik Universitesi S.K."]
[BlackTeam "Bursa Tophane Meslek Lisesi S.K."]
[WhiteFideId "6301517"]
[BlackFideId "6301169"]
[EventDate "2011.06.28"]

1. e4 e6 2. d4 d5 3. Nd2 dxe4 4. Nxe4 Nd7 5. Nf3 Ngf6 6. Nxf6+ Nxf6 7. Bd3 Be7
8. O-O O-O 9. Ne5 c5 10. dxc5 Qc7 11. Qe2 Qxc5 12. Bg5 Nd5 13. Qe4 f5 14. Bxe7
Nxe7 15. Qe2 Nd5 16. Rfe1 Nf4 17. Qf3 Nxd3 18. Qxd3 Re8 19. Rad1 b5 20. Qf3 Rb8
21. Qh5 Qf8 22. Rd3 Rb7 23. Rh3 h6 24. Qg6 Kh8 25. Rd1 Rd8 26. Rhd3 Re8 27. Nc6
Qf7 28. Qxf7 Rxf7 29. Rd8 Rff8 30. Rxe8 Rxe8 31. Nxa7 e5 32. Nxb5 e4 33. Nd6 Rf8
34. Nxc8 Rxc8 35. c3 Ra8 36. a3 Rb8 37. Rd2 g5 38. Kf1 Kg7 39. Ke2 Kf6 40. a4
Rb3 41. Kd1 f4 42. Kc2 Rb6 43. b4 Ke5 44. Rd8 Re6 45. b5 g4 46. a5 e3 47. fxe3
f3 48. gxf3 gxf3 49. Rf8 Rf6 50. Rxf6 Kxf6 51. Kd2 Kf5 52. Ke1 1-0